000 00828nam a2200217 a 4500
001 000016216
005 20200929164325.0
008 100301s1949 dr r 000 0 spa d
040 _aDO-SdBNP
_bspa
_cBNPHU
082 _a347.7293
_bT231e, 1949
100 1 _aTavares, F.
_936209
245 1 0 _aElementos de derecho procesal civil dominicano /
_cF. Tavares.
250 _a2a ed.
260 _aCiudad Trujillo :
_bEditora Montalvo,
_c1949.
300 _av. ;
_c24 cm.
504 _aIncluye referencias bibliográficas y notas al pie de las páginas
505 2 _av. 2. La competencia -- El proceso -- La sentencia
650 4 _aProcedimiento penal
_xLegislación
_zRepública Dominicana
_916571
650 4 _aProcedimiento penal
_xLegislación
_zRepública Dominicana
_916571
650 4 _aDerecho civil
_zRepública Dominicana
_91058
999 _c15754
_d15754